Statistics for Lana Del Rey - Cherry Blossom Lyrics

Click here to take the quiz!

General Stats

  • This quiz has been taken 14 times
  • The average score is 130 of 161

Answer Stats

Answer% Correct
can
100%
don't
100%
me
100%
no
100%
on
100%
one
100%
tell
100%
What
100%
what
100%
You
100%
you
100%
a
91%
blossom
91%
cherry
91%
I
91%
I'll
91%
Little
91%
and
82%
And
82%
be
82%
brave
82%
much
82%
right
82%
to
82%
tree
82%
your
82%
'Cause
73%
hair
73%
here
73%
honey
73%
milk
73%
sycamore
73%
very
73%
we
73%
You're
73%
you're
73%
baby
64%
free
64%
ghost
64%
got
64%
high
64%
Jesus
64%
lemonade
64%
like
64%
push
64%
see
64%
Swing
64%
tea
64%
there
64%
There's
64%
there's
64%
we've
64%
wild
64%
blonde
55%
but
55%
care
55%
feel
55%
in
55%
is
55%
it
55%
It's
55%
learn
55%
share
55%
so
55%
tall
55%
tan
55%
when
55%
Angelina
45%
cruel
45%
Dandelions
45%
scared
45%
with
45%
world
45%
afraid
36%
Mommy
36%

Score Distribution

Percentile by Number Answered

Percent of People with Each Score

Your Score History

You have not taken this quiz